000 00446nmm a2200169Ia 4500
008 251105s9999||||xx |||||||||||||||||und||
020 _a9788446045984
041 _aspa
100 _aGrange, Henry-Louise de la
245 0 _aGustav Mahler
264 _a[Madrid, España] :
_bAkal,
_c2014
300 _a512 páginas
490 _aBiografías
650 _aBiography
856 _uhttps://public.digitaliapublishing.com/a/55148
942 _cCF
999 _c83125
_d83125